Perro viejo /

Guardado en:
Autor Principal: Willis, Jeanne
Otros Autores: Ross, Tony, Guhl, Merdes; trad.
Formato: Libro
Publicado: Buenos Aires : Océano Travesía, 2008
Materias:
Etiquetas: Agregar Etiqueta
Sin Etiquetas, Sea el primero en etiquetar este registro!
LEADER 00805nam a22002655a 4500
001 CEM.cems015219
005 20191216154423.0
008 130507s2008##################000#0#####d
003 CEMS
020 |a 9789879361597 
082 0 4 |a 823.9 
100 1 |a Willis, Jeanne 
245 1 0 |a Perro viejo /  |c Jeanne Willis y Tony Ross ; traducido Por Mercedes Guhl 
260 |a Buenos Aires :  |b Océano Travesía,  |c 2008 
300 |a 30 p. 
500 |a Título original: Old Dog 
653 |a Literatura 
653 |a Literatura inglesa 
653 |a Literatura infantil 
653 |a Cuentos infantiles 
653 |a Colección ciencias de la educación 
653 |a Libro albúm 
700 1 |a Ross, Tony 
700 1 |a Guhl, Merdes; trad. 
859 |a CEMS  |b BIB. CEMS - Ccias. Educacion  |h 823.9  |i W679  |k CE  |p 28391.19  |t Ej.1